| 000 -LEADER |
| fixed length control field |
02188cim a2200385 a 4500 |
| 001 - CONTROL NUMBER |
| control field |
16572297 |
| 005 - DATE AND TIME OF LATEST TRANSACTION |
| control field |
20221222134812.0 |
| 007 - PHYSICAL DESCRIPTION FIXED FIELD--GENERAL INFORMATION |
| fixed length control field |
sd fsngnnmmned |
| 008 - FIXED-LENGTH DATA ELEMENTS--GENERAL INFORMATION |
| fixed length control field |
101208s2008 nyunnn| gz | eng d |
| 010 ## - LIBRARY OF CONGRESS CONTROL NUMBER |
| LC control number |
2010624301 |
| 020 ## - INTERNATIONAL STANDARD BOOK NUMBER |
| International Standard Book Number |
0743571681 |
| 020 ## - INTERNATIONAL STANDARD BOOK NUMBER |
| International Standard Book Number |
9780743571685 |
| 035 ## - SYSTEM CONTROL NUMBER |
| System control number |
(OCoLC)ocn192006070 |
| 040 ## - CATALOGING SOURCE |
| Original cataloging agency |
OPW |
| Transcribing agency |
OPW |
| Modifying agency |
VP@ |
| -- |
SINLB |
| -- |
OCLCA |
| -- |
BRL |
| -- |
M$K |
| -- |
HALAN |
| -- |
DLC |
| 042 ## - AUTHENTICATION CODE |
| Authentication code |
lccopycat |
| 043 ## - GEOGRAPHIC AREA CODE |
| Geographic area code |
a------ |
| -- |
ff----- |
| -- |
n-us--- |
| 050 00 - LIBRARY OF CONGRESS CALL NUMBER |
| Classification number |
SDB 97865 |
| 082 ## - DEWEY DECIMAL CLASSIFICATION NUMBER |
| Classification number |
327.73056,SCH |
| 100 1# - MAIN ENTRY--PERSONAL NAME |
| Personal name |
Scheuer, Michael. |
| 9 (RLIN) |
27245 |
| 245 10 - TITLE STATEMENT |
| Title |
Marching toward hell |
| Medium |
[sound recording] : |
| Remainder of title |
America and Islam after Iraq / |
| Statement of responsibility, etc. |
Michael Scheuer. |
| 260 ## - PUBLICATION, DISTRIBUTION, ETC. |
| Place of publication, distribution, etc. |
New York : |
| Name of publisher, distributor, etc. |
Simon & Schuster Audio, |
| Date of publication, distribution, etc. |
p2008. |
| 300 ## - PHYSICAL DESCRIPTION |
| Extent |
5 sound discs (6 hr.) : |
| Other physical details |
digital ; |
| Dimensions |
4 3/4 in. |
| 306 ## - PLAYING TIME |
| Playing time |
060000 |
| 505 0# - FORMATTED CONTENTS NOTE |
| Formatted contents note |
Introduction (Page-1), Author's note : intentions, methods, and sources (Page-21), Getting to 9/11 Readying Bin Laden's way : America and the Muslim world, 1973-1996 (Page-21), Fighting Islamists with a blinding cold war hangover, 1996-2001 (Page-55), Six years of war, 2001-2007 Afghanistan : a final chance to learn history applies to America (Page-99), Iraq : America bled white by history unlearned (Page-117), And the Islamists fire spreads (Page-147), Where stands the war? The bottom is out of the tub : taking stock for America (Page-189), "O enemy of God, I will give thee no respite" : al-Qaeda and its allies take stock (Page-215), Where to from here? A humble suggestion America first (Page-249), Epilogue : an abiding uniqueness (Page-267). |
| 650 #0 - SUBJECT ADDED ENTRY--TOPICAL TERM |
| Topical term or geographic name entry element |
Afghan War, 2001- |
| 650 #0 - SUBJECT ADDED ENTRY--TOPICAL TERM |
| Topical term or geographic name entry element |
Iraq War, 2003-2011. |
| 9 (RLIN) |
12087 |
| 650 #0 - SUBJECT ADDED ENTRY--TOPICAL TERM |
| Topical term or geographic name entry element |
Islam |
| Chronological subdivision |
21st century. |
| 9 (RLIN) |
13163 |
| 651 #0 - SUBJECT ADDED ENTRY--GEOGRAPHIC NAME |
| Geographic name |
Islamic countries |
| General subdivision |
Foreign relations |
| Geographic subdivision |
United States. |
| 9 (RLIN) |
105688 |
| 651 #0 - SUBJECT ADDED ENTRY--GEOGRAPHIC NAME |
| Geographic name |
United States |
| General subdivision |
Foreign relations |
| Geographic subdivision |
Islamic countries. |
| 9 (RLIN) |
105689 |
| 651 #0 - SUBJECT ADDED ENTRY--GEOGRAPHIC NAME |
| Geographic name |
United States |
| General subdivision |
Politics and government |
| Chronological subdivision |
2001-2009. |
| 9 (RLIN) |
8292 |
| 856 42 - ELECTRONIC LOCATION AND ACCESS |
| Materials specified |
Contributor biographical information |
| Uniform Resource Identifier |
<a href="http://www.loc.gov/catdir/enhancements/fy1107/2010624301-b.html">http://www.loc.gov/catdir/enhancements/fy1107/2010624301-b.html</a> |
| 906 ## - LOCAL DATA ELEMENT F, LDF (RLIN) |
| a |
7 |
| b |
cbc |
| c |
copycat |
| d |
2 |
| e |
ncip |
| f |
20 |
| g |
y-soundrec |
| 942 ## - ADDED ENTRY ELEMENTS (KOHA) |
| Source of classification or shelving scheme |
|
| Koha item type |
Book |
| Call number prefix |
327.73056,SCH |